| 000 | 00656nam a22002171i 4500 | ||
|---|---|---|---|
| 001 | 18656 | ||
| 090 | _a18656 | ||
| 100 | _a20170304u u u0frey50 ba | ||
| 101 | 0 | _apor | |
| 200 | 1 |
_fRaúl Correia _aQue a mão direita não sabia _eFantasia _eUm homem de poucas palavras |
|
| 210 |
_cAmigos do Livro _aLisboa |
||
| 215 |
_a[34] p. _cil. _d27 cm |
||
| 225 | _aAs histórias do avozinho | ||
| 300 | _aExemplar nº 0003989 em depósito / caixa 157 | ||
| 606 |
_9187 _aHistórias para crianças |
||
| 675 |
_a8:087.5 _969 |
||
| 700 | 1 |
_aCorreia _bRaúl _4070 _f1904-1985 |
|
| 701 | 1 |
_aSantos _bCarlos Alberto _4440 |
|
| 801 |
_aPT _gRPC |
||
| 990 | _cLIVROS | ||
| 994 | _aCOMP | ||